Mário Botas (Registo nº 201098)

Detalhes MARC
000 -Etiqueta do registo
Valores 01113nam 22002293 4500
100 ## - Dados gerais de processamento
Dados gerais 20260309d u||y0pory50 ba
200 ## - Titulo e menção de responsabilidade
Título próprio Mário Botas
Informação de outro título figuras, sonhos, mitos
Primeira menção de responsabilidade [Organizador] Vasco Fernando
Outras menções de responsabilidade fotografias José Manuel Costa Alves
210 ## - Publicação
Local de publicação Montemor-o-Novo
Nome do editor Galeria Municipal
Data de publicação 2002
215 ## - Descrição física 
Paginação / Volumes [8] p.
Outras indicações físicas il. ; brochado
Dimensões 23 cm
300 ## - Notas gerais 
Texto da nota . -Exposição de Mário Botas na Galeria Municipal de Montemor-o-Novo de 24 de Maio a 29 de junho de 2002<br/>. -Exposição que surgiu e posteriormente o Prof. Dr. almeida Faria colaborou na acessibilidade à coleção e na documentação fotográfica das obras e cedendo da sua colecção.
606 ## - Nome comum usado como assunto
ID Autoridade 2477
Palavra de ordem Pintura
Subdivisão assunto Pintores
610 ## - Termos não controlados
Palavra de ordem Exposição temporária--Mário Botas--[Catálogo]
675 ## - CDU
Notação 069Botas, Mário
Edição PT
Língua por
675 ## - CDU
Notação 741Botas, Mário
Edição PT
Língua por
675 ## - CDU
Notação 75Botas, Mário
Edição PT
Língua por
702 ## - Autor secundário (pessoa individual)
ID Autoridade 16743
Apelido Silva
Nome Vasco Fernando Alves Dias da
Datas 1949-2023
702 ## - Autor secundário (pessoa individual)
ID Autoridade 14318
Apelido Alves
Nome José Manuel Costa
Datas 1950-2025
801 ## - Fonte de origem
País PT
Agência BMMN
Regras de catalogação RPC
830 ## - Notas gerais do catalogador
Criado por Ana Falardo
Indexado por Ana Falardo
990 ## - Elementos KOHA
Tipo de documento Livro
Exemplares
Situação do levantamento Biblioteca de origem Código de barras Cota Permissão de empréstimo Tipo de documento Nota relativa ao exemplar Forma de aquisição
  Biblioteca Municipal de Montemor-o-Novo 30381 75 MAR|SAF   Livro Acesso Condicionado Oferta

Powered by Koha